| 000 | 00669nam a2200181 i 4500 | ||
|---|---|---|---|
| 001 | 23316 | ||
| 003 | ES-MaACL | ||
| 005 | 20250826085709.0 | ||
| 007 | t| | ||
| 008 | 021210s1914 sp ||||1| spa d | ||
| 100 | 1 |
_aÁlvarez, Melquíades, _d1864-1936 _920665 |
|
| 245 | 1 | 3 |
_aEl problema de Marruecos _b: soluciones del partido reformista : discurso pronunciado... en el Congreso de los Diputados, el día 19 de mayo de 1914 / _cMelquiades Alvarez. |
| 260 |
_aMadrid : _b[s.n.], _c1914. |
||
| 300 |
_a29 p. ; _c23 cm. |
||
| 651 | 4 |
_aMarruecos- _xHistoria- _y1912-1956, Protectorado español. _99029 |
|
| 852 |
_aES-MaACL _jT-1396-F-8 |
||
| 999 |
_c23316 _d23316 |
||